书目信息 |
| 题名: |
遥感图象信息系统
|
|
| 作者: | 张永生 | |
| 分册: | ||
| 出版信息: | 北京 科学出版社 2000 |
|
| 页数: | 333页 | |
| 开本: | 26cm | |
| 丛书名: | 图象图形科学丛书 | |
| 单 册: | ||
| 中图分类: | TP75 | |
| 科图分类: | ||
| 主题词: | 遥感图象--图象解译 , 遥感图象--图象识别 , 遥感图象--图象处理 | |
| 电子资源: | ||
| ISBN: | 7-03-007237-5 | |
| 000 | 00670nam0 2200229 450 | |
| 001 | 0736196517 | |
| 005 | 20070924100316.51 | |
| 010 | @a7-03-007237-5@d¥36.00 | |
| 100 | @a20070924d km y0chiy0120 ea | |
| 101 | 0 | @achi |
| 200 | 1 | @a遥感图象信息系统@Ayao gan tu xiang xin xi xi tong@f张永生@Fzhang yong sheng |
| 210 | @a北京@c科学出版社@d2000 | |
| 215 | @a333页@c彩照@d26cm | |
| 225 | 2 | @a图象图形科学丛书 |
| 410 | 0 | @12001 @a图象图形科学丛书 |
| 606 | 0 | @a遥感图象@x图象解译 |
| 606 | 0 | @a遥感图象@x图象识别 |
| 606 | 0 | @a遥感图象@x图象处理 |
| 690 | @aTP75@v3 | |
| 701 | 0 | @a张永生@Azhang yong sheng |
| 801 | 0 | @aCN@bPFT@c20070924 |
| 905 | @a213230@dTP75@eZY5@f1 | |
| 遥感图象信息系统/张永生.-北京:科学出版社,2000 |
| 333页:彩照;26cm.-(图象图形科学丛书) |
| ISBN 7-03-007237-5:¥36.00 |
| ● |
| 相关链接 |
|
|
|
|
正题名:遥感图象信息系统
索取号:TP75/ZY5
 
预约/预借
| 序号 | 登录号 | 条形码 | 馆藏地/架位号 | 状态 | 备注 |
| 1 | 7900649 | 279006497 | 资源管理系资料室/ [索取号:TP75/ZY5] | 在馆 |